000 00225 a2200097 4500
001 14791
100 _aQureshi
245 _aHayat-i-Iqbal ki gumshudda kharian
260 _aLahore
_bBazmi Iqbal club
_c
090 _c11570
_d11570
942 _aNUST-CAE
_cM
_c1748
999 _c249864
_d249864